Savari (Record no. 139294)

MARC details
000 -LEADER
fixed length control field 01915nam a2200217Ia 4500
003 - CONTROL NUMBER IDENTIFIER
control field OSt
005 - DATE AND TIME OF LATEST TRANSACTION
control field 20251118101210.0
008 - FIXED-LENGTH DATA ELEMENTS--GENERAL INFORMATION
fixed length control field 210210b2007 xxu||||| |||| 00| 0 eng d
040 ## - CATALOGING SOURCE
Transcribing agency AL
041 ## - LANGUAGE CODE
Language code of text/sound track or separate title Kannada
082 ## - DEWEY DECIMAL CLASSIFICATION NUMBER
Classification number K894.301 AMAS
100 ## - MAIN ENTRY--PERSONAL NAME
Personal name AMARESHA NUGADONI
Dates associated with a name ಅಮರೇಶ ನುಗಡೋಣಿ
9 (RLIN) 246098
245 ## - TITLE STATEMENT
Title Savari
Remainder of title ಸವಾರಿ
260 ## - PUBLICATION, DISTRIBUTION, ETC.
Place of publication, distribution, etc. Bengaluru
Name of publisher, distributor, etc. Ankita Pustaka
Date of publication, distribution, etc. 2007
300 ## - PHYSICAL DESCRIPTION
Extent 211
520 ## - SUMMARY, ETC.
Summary, etc. ‘ಸವಾರಿ’ ಲೇಖಕ ಅಮರೇಶ ನುಗಡೋಣಿ ಅವರ ಸಣ್ಣಕತೆಗಳ ಸಂಕಲನ. ಇಲ್ಲಿಯ ಕತೆಗಳು ಹಳ್ಳಿಯ ಬದುಕಿನ ಬೇಗುದಿಗಳನ್ನು ಅಸಹಾಯಕತೆಯನ್ನು ಉಳ್ಳವರ ದರ್ಪ ಹಾಗೂ ನಯ ವಂಚಕತನವನ್ನು ಪ್ರಾದೇಶಿಕ ಭಾಷೆಯಧ್ವನಿ ಮತ್ತು ಅಭಿವ್ಯಕ್ತಿಯ ಮೂಲಕ ಅನಾವರಣಗೊಳಿಸುತ್ತವೆ.<br/><br/>ಆಧುನಿಕ ಸಂಗತಿಗಳು ಹಳ್ಳಿಯ ಅಂತರಾಳಕ್ಕೆ ಇಳಿದು ಮೋಡಿ ಮಾಡುತ್ತಲೇ ,ಕನಸಿನ ಜಗತ್ತನ್ನು ನಿರ್ಮಾಣ ಮಾಡುತ್ತಲೇ, ಅದರ ಒಳಗಿನಿಂದ ಇಟುಕುತ್ತಲೇ, ಬದುಕಿನ ಖುಷಿ ಮತ್ತು ವ್ಯಂಗ್ಯಗಳನ್ನು ಕತೆಯನ್ನಾಗಿಸುತ್ತವೆ. ಧ್ಯಾನಸ್ಥ ಸ್ಥಿತಿಯೊಂದು ಎಲ್ಲರನ್ನು ಒಂದುಗೂಡಿಸುತ್ತ ಒಳಗನ್ನು ಹೊರಗಿನಿಂದ ಹೊರಗನ್ನು ಒಳಗಿನಿಂದ ನೋಡುವ ವಿಶಿಷ್ಟ ಸನ್ನಿವೇಶವನ್ನು ನಿರ್ಮಾಣ ಮಾಡುತ್ತವೆ
650 ## - SUBJECT ADDED ENTRY--TOPICAL TERM
Topical term or geographic name entry element Katha sankalana
9 (RLIN) 246099
690 ## - LOCAL SUBJECT ADDED ENTRY--TOPICAL TERM (OCLC, RLIN)
Topical term or geographic name as entry element Kannada Fiction
9 (RLIN) 246100
906 ## - LOCAL DATA ELEMENT F, LDF (RLIN)
a 063927
942 ## - ADDED ENTRY ELEMENTS (KOHA)
Source of classification or shelving scheme Dewey Decimal Classification
Koha item type Book
Holdings
Withdrawn status Lost status Damaged status Not for loan Collection code Home library Current library Shelving location Date acquired Source of acquisition Cost, normal purchase price Total Checkouts Full call number Barcode Date last seen Price effective from Koha item type
          St Aloysius Library St Aloysius Library   02/17/2021 Athree Book Centre,Mangalore 120.00   K894.301 AMAS 063927 02/17/2021 02/17/2021 Book